[Event "St Petersburg Korchnoi Memorial op"]
[Site "St Petersburg"]
[Date "2023.08.19"]
[Round "2"]
[White "Selezneva, Anna"]
[Black "Meshcheriakova, Emiliia"]
[Result "0-1"]
[WhiteElo "1268"]
[BlackElo "1649"]
[PlyCount "120"]
[EventDate "2023.08.18"]
[EventType "swiss"]
[EventRounds "9"]
[EventCountry "RUS"]
[SourceTitle "EXT 2024"]
[Source "ChessBase"]
[SourceDate "2023.10.10"]
[SourceVersion "1"]
[SourceVersionDate "2023.10.10"]
[SourceQuality "1"]

1. d4 Nf6 2. Bf4 e6 3. e3 c5 4. c3 Nc6 5. Nf3 Nh5 6. Bg5 Qb6 7. Qc1 h6 8. Bh4 g5 9. Bg3 Nxg3 10. hxg3 Bg7 11. Nbd2 d5 12. Bd3 Bd7 13. 0-0 0-0 14. dxc5 Qxc5 15. Nb3 Qd6 16. Nbd4 f5 17. Qd1 Ne7 18. Bc2 e5 19. Nb3 Rad8 20. a4 Be6 21. Qe2 Qb6 22. a5 Qc7 23. Rfe1 a6 24. Nh2 Nc6 25. f4 Rde8 26. fxg5 hxg5 27. Qh5 g4 28. Rf1 e4 29. Rf4 Qe7 30. Nf1 Rf6 31. Qh4 Ne5 32. Nd4 Ng6 33. Qh2 Nxf4 34. gxf4 Rh6 35. Qg3 Bf6 36. Qe1 Qh7 37. Ng3 Bh4 38. Rd1 Rd8 39. Kf1 Bd7 40. Bb3 Rd6 41. Kg1 Kh8 42. Rc1 Rh6 43. Rd1 b6 44. Nde2 bxa5 45. Rxd5 a4 46. Ba2 Bb5 47. Rxd8+ Bxd8 48. Qd2 Bd3 49. Nd4 Rf6 50. Bd5 Bb6 51. Ba2 Bxd4 52. exd4 Qe7 53. Qe3 Bc2 54. d5 Bb3 55. Bxb3 axb3 56. c4 Rf7 57. c5 Qf6 58. Qd2 e3 59. Qxe3 Re7 60. Qxb3 Qd4+ 0-1